000 00527nam a22001457a 4500
003 NUST
082 _a670
245 _aModeling Unsteady Squeeze Behavior Based Piston Lubrication In Engine Start-Up Conditions /
_cMuhammad Shoaib Ansari
264 _aIslamabad :
_bSMME- NUST;
_c2009.
300 _a140p. ;
_bSoft Copy
650 _aMS Design and Manufacturing Engineering
_9119567
700 _aSupervisor : Dr. Abdul Ghafoor
_9119876
856 _uhttp://10.250.8.41:8080/xmlui/handle/123456789/5321
942 _2ddc
_cTHE
999 _c607403
_d607403